000 00485nam a22001817a 4500
003 KOHA_MİRAKIL
005 20251219105223.0
008 251219b tu ||||| |||| 00| 0 tur d
020 _a9786259865249
040 _aTR-AnABB
_btur
_cTR-AnABB
041 _atur
082 _a304.8
_bGOC 2024
245 1 0 _aGöç yolunda kadın ve çocuk /
260 _aAnkara :
_bPolis Akademisi Yayınları,
_c2024
300 _a88 sayfa ;
_c26 cm
650 0 4 _aGöçmenler
942 _2ddc
_cBK
999 _c9798
_d9798
900 _bGizem YORULMAZ